Hybridné expertné systémy ; J. Bachníček, P. Čerman, P. Hrivík, J. Hulman, Ľ. Kolman

Bibliographic Details
Main Authors: Bachníček, J. (Author), Čerman, P. (Author), Hrivík, Pavol, 1949-2022 (Author), Hulman, J. (Author), Kolman, Ľ. (Author)
Format: Article
Language:Slovak
Subjects:

MARC

LEADER 00000nab a2200000 a 4500
001 vtls000388962
003 SK-MaSNL
005 20260302224226.0
008 111202c1989 xo 0 slo
015 |a SNBRA19rr/mm-uuuuu 
035 |a CL0389086 
040 |a SNKBUCL  |b slo  |c SNKBUCL  |e AACR2 
041 0 |a slo 
044 |a xo  |c SK 
080 |a 002.6:007.52:519.71  |2 1981 
080 |a 007.52  |2 1981 
080 |a 519.71  |2 1981 
080 |a 519.682  |2 1981 
245 0 0 |a Hybridné expertné systémy ; J. Bachníček, P. Čerman, P. Hrivík, J. Hulman, Ľ. Kolman 
650 0 7 |a expertné systémy  |2 snkbucl  |9 1831 
650 0 7 |a ART (jazyk programovací)  |2 snkbucl  |9 955061 
655 7 |a články zo zborníkov  |2 snkbucl  |9 166140 
700 1 |a Bachníček, J.  |4 aut  |9 955062 
700 1 |a Čerman, P.  |4 aut  |9 955063 
700 1 |a Hrivík, Pavol,  |d 1949-2022  |4 aut  |9 103504 
700 1 |a Hulman, J.  |4 aut  |9 943146 
700 1 |a Kolman, Ľ.  |4 aut  |9 955064 
773 0 |t Počítačové riadenie diskrétnych procesov  |d Bratislava : Dom techniky ČSVTS, 1989 
850 |a Slovenská národná knižnica v Martine  |a MTA001 
852 |a SNK  |b KIS3GCP 
958 |a RK 
992 |a RZB 
999 |c 1523607  |d 1525537